000
00319nam a2200109Ia 4500
008
171204s9999 xx 000 0 und d
245
_a
Distancing: Avoidant Personality Disorder
245
_c
Martin Kantor
260
_c
2015
650
_x
PERSONALITY THEORIES
856
_u
http://down.ebook777.com/025/9780275978297.pdf
999
_c
346468
_d
346468